| 000 | 00535nam a22001817a 4500 | ||
|---|---|---|---|
| 005 | 20160912112101.0 | ||
| 010 | _aENG-115983 | ||
| 020 |
_a9789381384503 _c195.00 |
||
| 035 | _aEN-99515 | ||
| 037 | _bDBAD/PUB | ||
| 082 | _a158.1 | ||
| 100 | _aChattopadhyay,Aparna | ||
| 245 |
_aExplore your hidden talents / _cby Aparna Chattopadhyay |
||
| 260 |
_aNew Delhi _bV&S Publishers _c2014 |
||
| 270 |
_aF-2/16,Ansari Road,Daryaganj _bNew Delhi _e110002 |
||
| 300 |
_a192p. _c22cm (pbk) |
||
| 942 |
_2ddc _cEN _h158.1 _mCHA |
||
| 999 |
_c103228 _d103228 |
||